| 000 | 00848nas a2200265Ia 4500 | ||
|---|---|---|---|
| 001 | R621/D6066 | ||
| 003 | IT-RoPAU | ||
| 008 | 151124c99999999xx |||||||||||| ||und|| | ||
| 040 | _aIT-RoPAU | ||
| 040 | _cIT-RoPAU | ||
| 041 | _aITALIANO | ||
| 100 |
_aAA.VV. _gCodice Aut. SPICS: 12000 |
||
| 210 | _aNEW AGE TELEVISION | ||
| 222 | _aNew Age Television | ||
| 245 |
_aNEW AGE INTERACTIVE, N.08 (MARZO/APRILE 1995) _bNew Age Interactive, N.08 (Marzo/Aprile 1995) |
||
| 250 | _a1a ed. | ||
| 260 |
_aMONZA _bNEW SOUNDS SRL _c1995 |
||
| 501 |
_bPaulus - SPICS - Società San Paolo EM (non-commercial uses only) _cCopyright2015 |
||
| 300 | _a82 p. | ||
| 310 | _aBIMESTRALE | ||
| 362 | _aN.08 (MARZO/APRILE 1995) | ||
| 500 | _aRiviste + Videocassetta + Cd Rom e Cdi | ||
| 650 |
_aTELEVISIONE - RADIO _vPUBBLICAZIONE PERIODICA |
||
| 942 | _cCR | ||
| 999 |
_c193997 _d193997 |
||